UBT Library

ELEMENTRY LINEAR ALGEBRA (Record no. 45114)

000 -LEADER
fixed length control field 00290nam a22001337a 4500
008 - FIXED-LENGTH DATA ELEMENTS--GENERAL INFORMATION
fixed length control field 180315b xxu||||| |||| 00| 0 eng d
020 ## - INTERNATIONAL STANDARD BOOK NUMBER
International Standard Book Number 0871508672
041 ## - LANGUAGE CODE
Language code of text/sound track or separate title eng
080 ## - UNIVERSAL DECIMAL CLASSIFICATION NUMBER
Universal Decimal Classification number 51
100 ## - Rafti
Rafti 36
101 ## - Shkurtesa
Shkurtesa MAT
245 ## - TITLE STATEMENT
Title ELEMENTRY LINEAR ALGEBRA
Statement of responsibility, etc VENIT.S
942 ## - ADDED ENTRY ELEMENTS (KOHA)
Source of classification or shelving scheme
Item type Books

No items available.

UBT Library © 2015-2024. All rights reserved University Education for Business and Technology